Fr. Conceicao Rodrigues College of Engineering

Go Embedded (Record no. 23136)

MARC details
000 -LEADER
fixed length control field 00347nam a2200169Ia 4500
082 ## - DEWEY DECIMAL CLASSIFICATION NUMBER
Classification number 003.3/DAN
Item number DAN
100 ## - MAIN ENTRY--PERSONAL NAME
Personal name Dani/Asang
245 ## - TITLE STATEMENT
Title Go Embedded
260 ## - PUBLICATION, DISTRIBUTION, ETC.
Name of publisher, distributor, etc. BPB Publications
Place of publication, distribution, etc. Mumbai
Date of publication, distribution, etc. 2008
366 ## - TRADE AVAILABILITY INFORMATION
Publishers's discount category 20
300 ## - PHYSICAL DESCRIPTION
Extent 424
546 ## - LANGUAGE NOTE
Language note ENGLISH
650 ## - SUBJECT ADDED ENTRY--TOPICAL TERM
Topical term or geographic name entry element Embedded systems
654 ## - SUBJECT ADDED ENTRY--FACETED TOPICAL TERMS
Focus term embedded
942 ## - ADDED ENTRY ELEMENTS (KOHA)
Koha item type BOOK
Holdings
Withdrawn status Lost status Damaged status Not for loan Collection Home library Current library Date acquired Source of acquisition Cost, normal purchase price Inventory number Total Checkouts Full call number Barcode Date last seen Cost, replacement price Price effective from Koha item type
        CRC Fr. Agnel's C.Rodrigues College of Engineering Fr. Agnel's C.Rodrigues College of Engineering 17/03/2023 Professional Book House. 130.00 562 dt 25/03/2008   003.3/DAN DAN 18584 17/03/2023 150.00   BOOK